| 000 | 00571cam a2200193 a 4500 | ||
|---|---|---|---|
| 020 | _a0309042690 : | ||
| 040 | _cDLC | ||
| 082 | 0 | 0 | _a631 VET 1993 C278 Or. |
| 245 | 0 | 0 |
_aVetiver grass : _ba thin green line against erosion / |
| 260 |
_aWashington, D.C. : _bNational Academy Press, _c1993 |
||
| 300 |
_axiv, 171 p. : _bill. ; _c23 cm |
||
| 650 | 0 | _aVetiver | |
| 650 | 0 | _aPlants for soil conservation | |
| 650 | 2 | _aConservation of Natural Resources | |
| 650 | 2 | _aSoil | |
| 650 | 2 | _aDeveloping Countries | |
| 710 | 2 | _aNational Research Council (U.S.). | |
| 942 | _cAEDBB | ||
| 999 |
_c21294 _d21294 |
||